Norbert Frýd /

Hlavní autor: Menclová, Věra, 1938-
Jazyk: Čeština
Vydáno: Praha : Československý spisovatel, 1981
Vydání: 1. vyd.
Edice: Portréty spisovatelů
Témata:
Externí odkaz: Digitalizovaný dokument
Fyzický popis: 128 s.
Knihy
Uloženo v:
LEADER 01188nam a22003132a 4500
001 000204336
003 CZ BrMZK
005 20080708070341.0
007 ta
008 970107s1981 xr f cze d
015 |a cnb000125455 
035 |a (OCoLC)9757951 
040 |a BOA001  |b cze 
080 9 |a 885.0"19":92 Frýd 
100 1 |a Menclová, Věra,  |d 1938-  |7 jk01081211 
245 1 0 |a Norbert Frýd /  |c Věra Menclová 
250 |a 1. vyd. 
260 |a Praha :  |b Československý spisovatel,  |c 1981 
300 |a 128 s. 
490 1 |a Portréty spisovatelů 
504 |a Obsahuje bibliografii 
830 0 |a Portréty spisovatelů  |0 s 
856 4 1 |u http://www.digitalniknihovna.cz/mzk/uuid/uuid:69f5d010-5670-11e3-ae59-005056827e52  |y Digitalizovaný dokument  |x NDK 
910 |a BOA001  |b PK-0091.767  |b 1-0838.082 
964 |a Frýd, Norbert - život a dílo 
990 |a BK 
996 7 |b 2619446596  |c 1-0838.082  |l MZK  |r Sklad / do 1 hodiny  |n 8  |w 000204336  |u 000020  |a 1  |e BOA001  |j MZK50  |s A 
996 6 |b 2619583231  |c 1-0838.082  |l MZK  |r Sklad / do 1 hodiny  |n 1  |w 000204336  |u 000030  |a 1  |e BOA001  |j MZK50  |s P 
996 7 |b 3119900884  |c PK-0091.767  |l MZK  |r Sklad / do 1 hodiny  |n 16  |w 000204336  |u 000010  |a 1  |e BOA001  |j MZK50  |s A